[Event "TCh-CHN 2019"]
[Site "China CHN"]
[Date "2019.05.08"]
[Round "6.1"]
[Board "1"]
[White "Zhao, Jun"]
[Black "Ni, Hua"]
[Result "1/2-1/2"]
[WhiteTitle "GM"]
[BlackTitle "GM"]
[WhiteElo "2639"]
[BlackElo "2669"]
[WhiteTeam "Shandong Jingzhi team"]
[BlackTeam "China Mobil Shanghai Chess Club"]
[WhiteFideId "8602522"]
[BlackFideId "8601160"]
[EventDate "2019.04.09"]

1. c4 e5 2. Nc3 Bb4 3. g3 Bxc3 4. dxc3 d6 5. Bg2 Ne7 6. Nf3 Nbc6 7. c5 d5 8. b4
f6 9. Nd2 Be6 10. Nb3 Qc8 11. O-O Bh3 12. b5 Nd8 13. Bxh3 Qxh3 14. c6 bxc6 15.
Ba3 h5 16. f3 h4 17. g4 f5 18. Qd2 Nf7 19. Bxe7 Kxe7 20. Na5 fxg4 21. Nxc6+ Ke6
22. Rf2 g3 23. Rg2 Rh5 24. Rd1 Rg5 25. Qxd5+ Kf6 26. Kh1 Re8 27. Nb4 e4 28. Qd4+
Kg6 29. Nd5 Kh6 30. fxe4 Qg4 31. Nf6 gxf6 32. Qxf6+ Rg6 33. Qxf7 Qxe4 34. Qf3
Qxf3 35. exf3 Re3 36. hxg3 hxg3 37. Rc2 Rxf3 38. Kg2 Rf5 39. c4 Rh5 40. Rh1 Rxh1
41. Kxh1 Kg5 42. Kg2 Kf4 43. c5 Ke4 44. a4 a6 45. Rb2 axb5 46. axb5 Kd5 47. b6
cxb6 48. Rxb6 Ke5 1/2-1/2

[Event "TCh-CHN 2019"]
[Site "China CHN"]
[Date "2019.05.08"]
[Round "6.1"]
[Board "2"]
[White "Wen, Yang"]
[Black "Xu, Yi"]
[Result "1/2-1/2"]
[WhiteTitle "GM"]
[BlackTitle "GM"]
[WhiteElo "2586"]
[BlackElo "2542"]
[WhiteTeam "Shandong Jingzhi team"]
[BlackTeam "China Mobil Shanghai Chess Club"]
[WhiteFideId "8602956"]
[BlackFideId "8605564"]
[EventDate "2019.04.09"]

1. e4 e5 2. Nf3 Nf6 3. d4 Nxe4 4. Bd3 d5 5. Nxe5 Nd7 6. Nxd7 Bxd7 7. O-O Bd6 8.
Nc3 Nxc3 9. bxc3 O-O 10. Qh5 f5 11. Re1 g6 12. Qh6 f4 13. Bxg6 hxg6 14. Qxg6+
Kh8 15. Qh6+ Kg8 16. Qg6+ Kh8 17. Qh6+ 1/2-1/2

[Event "TCh-CHN 2019"]
[Site "China CHN"]
[Date "2019.05.08"]
[Round "6.1"]
[Board "4"]
[White "Ni, Shiqun"]
[Black "Ning, Kaiyu"]
[Result "1-0"]
[WhiteTitle "WGM"]
[BlackTitle "WIM"]
[WhiteElo "2389"]
[BlackElo "2353"]
[WhiteTeam "China Mobil Shanghai Chess Club"]
[BlackTeam "Shandong Jingzhi team"]
[WhiteFideId "8608466"]
[BlackFideId "8614750"]
[EventDate "2019.04.09"]

1. e4 e6 2. d4 d5 3. Nc3 Bb4 4. exd5 exd5 5. Bd3 Nc6 6. a3 Bxc3+ 7. bxc3 Nf6 8.
Ne2 Bg4 9. f3 Bh5 10. Rb1 Na5 11. O-O Bg6 12. Bg5 c6 13. Ng3 O-O 14. f4 h6 15.
Bxf6 Qxf6 16. f5 Bh7 17. a4 Rfe8 18. Qd2 b6 19. Rf4 Qg5 20. Qf2 h5 21. h4 Qh6
22. Qf3 g6 23. Rf1 Rf8 24. Kh2 Qg7 25. f6 Qh6 26. Ne2 Rae8 27. Ng1 Re6 28. Nh3
Rfe8 29. Ng5 Re3 30. Qd1 c5 31. Bb5 Rd8 32. Qd2 Re4 33. dxc5 Rxf4 34. Qxf4 Rc8
35. Re1 Nb7 36. Ba6 1-0

[Event "TCh-CHN 2019"]
[Site "China CHN"]
[Date "2019.05.08"]
[Round "6.1"]
[Board "5"]
[White "Ju, Wenjun"]
[Black "Yan, Tianqi"]
[Result "1-0"]
[WhiteTitle "GM"]
[WhiteElo "2580"]
[BlackElo "2240"]
[WhiteTeam "China Mobil Shanghai Chess Club"]
[BlackTeam "Shandong Jingzhi team"]
[WhiteFideId "8603006"]
[BlackFideId "8615250"]
[EventDate "2019.04.09"]

1. e4 c5 2. Nf3 e6 3. d4 cxd4 4. Nxd4 a6 5. c4 Qc7 6. a3 Nf6 7. Nc3 Nxe4 8. Nxe4
Qe5 9. Bd3 Qxd4 10. Qe2 f5 11. Be3 Qe5 12. f4 Qa5+ 13. Nd2 Bc5 14. O-O-O Bxe3
15. Qxe3 O-O 16. g4 b5 17. gxf5 exf5 18. Rhg1 Nc6 19. Rg5 d6 20. Ne4 Qc7 21.
Rdg1 g6 22. Rxg6+ hxg6 23. Rxg6+ Kf7 24. Rf6+ Ke7 25. Nc3+ Kxf6 26. Nd5+ Kf7 27.
Nxc7 Ra7 28. Qb6 Bd7 29. Nxa6 bxc4 30. Bxc4+ Kf6 31. b4 Raa8 32. b5 Rfc8 33. Kb2
Ke7 34. Bd5 Rxa6 35. bxa6 1-0

[Event "TCh-CHN 2019"]
[Site "China CHN"]
[Date "2019.05.08"]
[Round "6.2"]
[Board "1"]
[White "Chu, Wei Chao"]
[Black "Lin, Yi"]
[Result "1/2-1/2"]
[WhiteTitle "IM"]
[BlackTitle "IM"]
[WhiteElo "2422"]
[BlackElo "2415"]
[WhiteTeam "Zhihui Sports chess team of Tianjin"]
[BlackTeam "Hangzhou Hongda team"]
[WhiteFideId "8605661"]
[BlackFideId "8609659"]
[EventDate "2019.04.09"]

1. Nf3 Nf6 2. d4 g6 3. Bf4 Bg7 4. e3 d6 5. c3 O-O 6. h3 Nbd7 7. Be2 b6 8. O-O
Bb7 9. a4 a6 10. Bh2 Re8 11. Qb3 e5 12. Nbd2 Qe7 13. Rfd1 e4 14. Ne1 a5 15. Qa3
Nf8 16. Bb5 Red8 17. b4 g5 18. bxa5 bxa5 19. Rab1 Ng6 20. Be2 Bc8 21. Qb3 h5 22.
Nf1 h4 23. Qb5 Ba6 24. Qb2 Bc8 25. Qb5 Ba6 26. Qb2 Bc8 27. Qb5 1/2-1/2

[Event "TCh-CHN 2019"]
[Site "China CHN"]
[Date "2019.05.08"]
[Round "6.2"]
[Board "2"]
[White "Dai, Changren"]
[Black "Xiang, Zeyu"]
[Result "1/2-1/2"]
[WhiteTitle "IM"]
[BlackTitle "IM"]
[WhiteElo "2511"]
[BlackElo "2446"]
[WhiteTeam "Zhihui Sports chess team of Tianjin"]
[BlackTeam "Hangzhou Hongda team"]
[WhiteFideId "8608156"]
[BlackFideId "8608547"]
[EventDate "2019.04.09"]

1. e4 e5 2. Nf3 Nc6 3. Bc4 Bc5 4. c3 Nf6 5. d3 d6 6. Nbd2 O-O 7. a4 a6 8. Nf1
Be6 9. Bxe6 fxe6 10. b4 Ba7 11. Ng3 Qe8 12. O-O Nh5 13. Kh1 Nxg3+ 14. fxg3 b5
15. Qb3 Rb8 16. Bd2 Bb6 17. Rac1 bxa4 18. Qxa4 a5 19. b5 Na7 20. Qa2 Nxb5 21.
Ng5 Rf6 22. Rxf6 gxf6 23. Nxe6 Qf7 24. Qc4 Na3 25. Qb3 Re8 26. Qxa3 Qxe6 27. Qa4
Rf8 28. Bh6 Rb8 29. Rf1 f5 30. Bd2 fxe4 31. Qxe4 Rf8 32. Rxf8+ Kxf8 33. Qxh7 Qg4
34. Bh6+ Ke8 35. h4 Qxg3 36. Bg5 Qe1+ 1/2-1/2

[Event "TCh-CHN 2019"]
[Site "China CHN"]
[Date "2019.05.08"]
[Round "6.2"]
[Board "3"]
[White "Malakhov, Vladimir"]
[Black "Zou, Chen"]
[Result "1-0"]
[WhiteTitle "GM"]
[BlackTitle "FM"]
[WhiteElo "2668"]
[BlackElo "2459"]
[WhiteTeam "Zhihui Sports chess team of Tianjin"]
[BlackTeam "Hangzhou Hongda team"]
[WhiteFideId "4120787"]
[BlackFideId "8610959"]
[EventDate "2019.04.09"]

1. Nf3 Nf6 2. g3 d5 3. Bg2 e6 4. O-O Be7 5. d3 O-O 6. Nbd2 c5 7. e4 Nc6 8. Re1
b5 9. a4 b4 10. e5 Nd7 11. Nf1 Bb7 12. h4 Qc7 13. Bf4 Rfc8 14. h5 h6 15. b3 c4
16. d4 Na5 17. Ne3 Qd8 18. Nd2 cxb3 19. cxb3 Rc3 20. Rb1 Kh8 21. Rb2 Rd3 22. Bf1
Rxd4 23. Nc2 Rxf4 24. gxf4 Qb6 25. Nf3 f6 26. exf6 Bxf6 27. Ncd4 Nc6 28. a5 Qxa5
29. Nxc6 Bxc6 30. Rc2 Nc5 31. Ne5 Be8 32. Qf3 Ne4 33. Bd3 Nc3 34. f5 Ne4 35.
fxe6 Bxe5 36. Qf8+ Kh7 37. Rxe4 dxe4 38. Bxe4+ g6 39. hxg6+ Bxg6 40. Qf7+ Kh8
41. Qxg6 Rg8 42. Rc8 Qa1+ 43. Kg2 1-0

[Event "TCh-CHN 2019"]
[Site "China CHN"]
[Date "2019.05.08"]
[Round "6.2"]
[Board "4"]
[White "Zhao, Shengxin"]
[Black "Khotenashvili, Bela"]
[Result "0-1"]
[WhiteTitle "WFM"]
[BlackTitle "GM"]
[WhiteElo "2093"]
[BlackElo "2446"]
[WhiteTeam "Hangzhou Hongda team"]
[BlackTeam "Zhihui Sports chess team of Tianjin"]
[WhiteFideId "8608040"]
[BlackFideId "13602640"]
[EventDate "2019.04.09"]

1. d4 Nf6 2. Nf3 g6 3. g3 c5 4. d5 Bg7 5. c4 d6 6. Bg2 b5 7. cxb5 Qa5+ 8. Nc3
Ne4 9. O-O Nxc3 10. bxc3 Qxb5 11. Qc2 Nd7 12. a4 Qa6 13. e4 O-O 14. Re1 Qa5 15.
Bd2 Ba6 16. c4 Qc7 17. Bc3 Rab8 18. Bxg7 Kxg7 19. Qc3+ Kg8 20. e5 dxe5 21. Nxe5
Nxe5 22. Rxe5 Rfe8 23. Re4 Rb4 24. h4 Bc8 25. Rd1 Qd6 26. Qe5 Qxe5 27. Rxe5 Kf8
28. d6 exd6 29. Rxe8+ Kxe8 30. Rxd6 Rxc4 31. a5 Rc1+ 32. Kh2 c4 33. Rc6 Bf5 34.
g4 Bxg4 35. Rc7 c3 36. Be4 a6 37. Bd3 Bf5 38. Bxa6 Kd8 39. Rc5 c2 40. Bb7 Ra1
41. a6 Ke7 42. Kg3 Kd6 43. Rc6+ Ke5 44. f4+ Kd4 45. Kf2 c1=Q 46. Rxc1 Rxc1 47.
a7 Ra1 48. a8=Q Rxa8 49. Bxa8 Be4 0-1

[Event "TCh-CHN 2019"]
[Site "China CHN"]
[Date "2019.05.08"]
[Round "6.2"]
[Board "5"]
[White "Zhou, Zirun"]
[Black "Xiao, Yiyi"]
[Result "1/2-1/2"]
[BlackTitle "WFM"]
[WhiteElo "2124"]
[BlackElo "2306"]
[WhiteTeam "Hangzhou Hongda team"]
[BlackTeam "Zhihui Sports chess team of Tianjin"]
[WhiteFideId "8610975"]
[BlackFideId "8606161"]
[EventDate "2019.04.09"]

1. d4 Nf6 2. c4 c5 3. Nf3 cxd4 4. Nxd4 e5 5. Nf3 Nc6 6. Nc3 Bb4 7. Bd2 O-O 8. e3
e4 9. Nd4 Nxd4 10. exd4 d5 11. a3 Bxc3 12. bxc3 Re8 13. Be3 dxc4 14. Bxc4 Qc7
15. Qb3 Bf5 16. O-O Rac8 17. Be2 Bg4 18. Bb5 Red8 19. Rfc1 Be6 20. Qb2 Nd5 21.
Bf1 Nb6 22. a4 Bc4 23. a5 Nd5 24. Bxc4 Qxc4 25. Bd2 Rd7 26. Qc2 f5 27. Ra4 Qe2
28. Re1 Qh5 29. Qb3 Kh8 30. h3 Qh4 31. c4 Nf6 32. Qe3 Rdc7 33. Rc1 Nh5 34. Qg5
Qxg5 35. Bxg5 f4 36. Bh4 Rd7 37. c5 Rd5 38. g4 g5 39. gxh5 gxh4 40. Kh2 Kg7 41.
Re1 Re8 42. a6 bxa6 43. Rxa6 Re7 44. Rd6 Rxd6 45. cxd6 Rd7 46. Rxe4 Rxd6 47.
Rxf4 Rf6 48. h6+ 1/2-1/2

[Event "TCh-CHN 2019"]
[Site "China CHN"]
[Date "2019.05.08"]
[Round "6.3"]
[Board "1"]
[White "Ma, Qun"]
[Black "Wang, Yiye"]
[Result "1/2-1/2"]
[WhiteTitle "GM"]
[BlackTitle "IM"]
[WhiteElo "2627"]
[BlackElo "2444"]
[WhiteTeam "Hangzhou Bank Team"]
[BlackTeam "Beijing team"]
[WhiteFideId "8603154"]
[BlackFideId "8606021"]
[EventDate "2019.04.09"]

1. e4 e6 2. d4 d5 3. Nd2 dxe4 4. Nxe4 Bd7 5. Nf3 Bc6 6. Bd3 Nd7 7. O-O Ngf6 8.
Ng3 Be7 9. Re1 O-O 10. c3 Bd5 11. Qe2 c5 12. dxc5 Bxc5 13. Ng5 h6 14. N5e4 Nxe4
15. Nxe4 Bb6 16. Ng3 Qh4 17. Be3 Bxe3 18. Qxe3 Nf6 19. h3 Rfd8 20. Be2 Bc6 21.
c4 Ne4 22. Nxe4 Qxe4 23. Qxe4 Bxe4 24. Red1 Kf8 25. f3 Bc2 26. Rxd8+ Rxd8 27.
Kf2 Ke7 28. Ke3 Ba4 29. b3 Be8 30. b4 a5 31. Ke4 1/2-1/2

[Event "TCh-CHN 2019"]
[Site "China CHN"]
[Date "2019.05.08"]
[Round "6.3"]
[Board "3"]
[White "Bai, Jinshi"]
[Black "Yuan, Qingyu"]
[Result "1-0"]
[WhiteTitle "GM"]
[WhiteElo "2600"]
[BlackElo "2372"]
[WhiteTeam "Hangzhou Bank Team"]
[BlackTeam "Beijing team"]
[WhiteFideId "8602280"]
[BlackFideId "8609772"]
[EventDate "2019.04.09"]

1. d4 Nf6 2. c4 e6 3. Nf3 b6 4. a3 Bb7 5. Nc3 d5 6. Bg5 Be7 7. e3 O-O 8. Qc2 c5
9. dxc5 bxc5 10. Rd1 d4 11. Be2 Qa5 12. exd4 cxd4 13. Rxd4 e5 14. Rd2 h6 15.
Bxf6 Bxf6 16. O-O g6 17. Nb5 Nc6 18. b4 Nxb4 19. axb4 Qxb4 20. Rb1 Qe7 21. Nd6
Bc6 22. c5 Bg7 23. Bc4 Bxf3 24. Qxg6 Bc6 25. Nxf7 Rxf7 26. Qxc6 Rd8 27. Rxd8+
Qxd8 28. Qe6 Qc7 1-0

[Event "TCh-CHN 2019"]
[Site "China CHN"]
[Date "2019.05.08"]
[Round "6.3"]
[Board "4"]
[White "Song, Yuxin"]
[Black "Khademalsharieh, Sarasadat"]
[Result "1/2-1/2"]
[WhiteTitle "WIM"]
[BlackTitle "IM"]
[WhiteElo "2299"]
[BlackElo "2487"]
[WhiteTeam "Beijing team"]
[BlackTeam "Hangzhou Bank Team"]
[WhiteFideId "8614300"]
[BlackFideId "12512214"]
[EventDate "2019.04.09"]

1. e4 e5 2. Nf3 Nc6 3. Nc3 Nf6 4. d4 exd4 5. Nxd4 Bc5 6. Be3 Bb6 7. Qd2 Ng4 8.
Nxc6 bxc6 9. Bd4 Bxd4 10. Qxd4 Qf6 11. Qxf6 Nxf6 12. O-O-O O-O 13. f3 d6 14. Bc4
Nd7 15. Rhe1 Ne5 16. Bb3 Be6 17. f4 Ng6 18. g3 Bxb3 19. axb3 Rfe8 20. Kd2 Ne7
21. Ra1 Kf8 22. Ra6 Reb8 23. Rea1 Rb7 24. Nd1 Ke8 25. Ne3 Kd7 26. Nc4 f6 27. Ne3
Re8 28. Rxa7 Rxa7 29. Rxa7 Nc8 30. Ra5 Rxe4 1/2-1/2

[Event "TCh-CHN 2019"]
[Site "China CHN"]
[Date "2019.05.08"]
[Round "6.3"]
[Board "5"]
[White "Wang, Yu A."]
[Black "Gu, Tianlu"]
[Result "1/2-1/2"]
[WhiteTitle "IM"]
[BlackTitle "WIM"]
[WhiteElo "2293"]
[BlackElo "2261"]
[WhiteTeam "Beijing team"]
[BlackTeam "Hangzhou Bank Team"]
[WhiteFideId "8601097"]
[BlackFideId "8603995"]
[EventDate "2019.04.09"]

1. e4 c5 2. c3 Nf6 3. e5 Nd5 4. Nf3 Nc6 5. Bc4 Nb6 6. Bb3 d5 7. exd6 Qxd6 8. O-O
Be6 9. Na3 Bxb3 10. axb3 Qd3 11. Re1 e6 12. Re3 Qd7 13. Nc4 Nxc4 14. bxc4 Rd8
15. Ng5 Be7 16. Qh5 g6 17. Qh6 Bxg5 18. Qxg5 Qe7 19. Qh6 Qf8 20. Qg5 Qe7 21. Qh6
Qf8 22. Qg5 Qe7 1/2-1/2

[Event "TCh-CHN 2019"]
[Site "China CHN"]
[Date "2019.05.08"]
[Round "6.4"]
[Board "2"]
[White "Zeng, Chongsheng"]
[Black "Xu, Minghui"]
[Result "1-0"]
[WhiteTitle "GM"]
[WhiteElo "2552"]
[BlackElo "2406"]
[WhiteTeam "Chongqing Sports lottery chess team"]
[BlackTeam "Zhejiang team"]
[WhiteFideId "8603847"]
[BlackFideId "8606790"]
[EventDate "2019.04.09"]

1. e4 e5 2. Nf3 Nc6 3. Bc4 Bc5 4. c3 Nf6 5. d4 exd4 6. e5 d5 7. Bb5 Ne4 8. cxd4
Bb6 9. Nc3 O-O 10. Be3 Bg4 11. h3 Bh5 12. Qc2 Bg6 13. Qb3 Ne7 14. O-O c6 15. Bd3
Nd2 16. Nxd2 Bxd3 17. Rfe1 Bg6 18. Na4 Nf5 19. Nxb6 Qxb6 20. Qc3 a5 21. a4 Rfc8
22. Nb3 Qd8 23. Bf4 b6 24. Rac1 Qd7 25. g4 Ne7 26. Bg5 h6 27. Bh4 Bh7 28. f4 g5
29. fxg5 Ng6 30. Bg3 hxg5 31. Qe3 Qe7 32. Rc3 Nf8 33. Rec1 f5 34. exf6 Qxf6 35.
Be5 Qh6 36. Rf1 Nd7 37. Bf6 Re8 38. Qxg5+ Qxg5 39. Bxg5 Rac8 40. Rfc1 Re2 41.
Rxc6 Rxc6 42. Rxc6 Rxb2 43. Rc8+ Kf7 44. Rc7 Ke6 45. Rc6+ Kf7 46. Rd6 Nf8 47.
Nd2 Bc2 48. Nf3 Bxa4 49. Ne5+ Kg8 50. Bh6 Rb1+ 51. Kg2 Bb5 52. Rd8 Rf1 53. g5 1-0

[Event "TCh-CHN 2019"]
[Site "China CHN"]
[Date "2019.05.08"]
[Round "6.4"]
[Board "3"]
[White "Zhou, Weiqi"]
[Black "Lan, Zilun"]
[Result "1-0"]
[WhiteTitle "GM"]
[WhiteElo "2592"]
[BlackElo "2313"]
[WhiteTeam "Chongqing Sports lottery chess team"]
[BlackTeam "Zhejiang team"]
[WhiteFideId "8601674"]
[BlackFideId "8604193"]
[EventDate "2019.04.09"]

1. d4 Nf6 2. c4 e6 3. g3 Bb4+ 4. Bd2 a5 5. Bg2 O-O 6. Nf3 b6 7. O-O Ba6 8. Qc2
c6 9. Bf4 d5 10. c5 bxc5 11. a3 c4 12. axb4 axb4 13. Nbd2 Qe7 14. Ne5 Nfd7 15.
Ndxc4 dxc4 16. Nxc4 Qf6 17. Bd6 Rd8 18. Rfd1 Nf8 19. e4 Ra7 20. e5 Qg6 21. Qxg6
Nxg6 22. Ra4 Rad7 23. Rxb4 Bb5 24. Bxb8 Bxc4 25. Bxc6 Rxd4 26. Rxd4 Rxd4 27. Bf3
f6 28. Be2 1-0

[Event "TCh-CHN 2019"]
[Site "China CHN"]
[Date "2019.05.08"]
[Round "6.4"]
[Board "4"]
[White "Qiu, Mengjie"]
[Black "Tan, Zhongyi"]
[Result "0-1"]
[WhiteTitle "WIM"]
[BlackTitle "GM"]
[WhiteElo "2167"]
[BlackElo "2502"]
[WhiteTeam "Zhejiang team"]
[BlackTeam "Chongqing Sports lottery chess team"]
[WhiteFideId "8606137"]
[BlackFideId "8603642"]
[EventDate "2019.04.09"]

1. e4 e5 2. Nf3 Nc6 3. Nc3 d6 4. d4 Bg4 5. dxe5 dxe5 6. Qxd8+ Rxd8 7. Bb5 Bd6 8.
Bg5 Ne7 9. Nd5 Bxf3 10. gxf3 f6 11. Nxe7 Kxe7 12. Bxc6 fxg5 13. Bd5 Rhf8 14. Ke2
c6 15. Bb3 Rf4 16. Rag1 Kf6 17. Rg4 Bc5 18. h4 Rxg4 19. fxg4 h6 20. f3 gxh4 21.
Rxh4 Bf8 22. Rh5 g6 23. g5+ hxg5 24. Rh7 Bg7 25. c3 Rd7 26. Ke3 b5 27. a4 Rb7
28. Rh2 Bf8 29. axb5 Bc5+ 30. Kd3 cxb5 31. Bd5 Rb8 32. Rh7 g4 33. fxg4 Kg5 34.
Rc7 Bb6 35. Re7 Kf4 36. Rg7 g5 37. Be6 Rf8 38. Bf5 Rh8 39. Rd7 Rh2 40. b4 Be3
41. c4 Rd2+ 42. Kc3 Rxd7 43. Bxd7 Bd4+ 44. Kd3 bxc4+ 45. Kxc4 Kxe4 46. Bf5+ Ke3
47. Kd5 Kf4 48. Kc4 Bb6 49. Kd3 Kf3 50. Kd2 e4 51. Ke1 e3 52. Bd3 Kxg4 53. Kf1
Kg3 54. Be2 g4 55. Kg1 Bd4 56. Kf1 Bc3 57. b5 Bb4 58. Bd1 Kh3 59. Be2 g3 60. Bf3
Kh2 0-1

[Event "TCh-CHN 2019"]
[Site "China CHN"]
[Date "2019.05.08"]
[Round "6.4"]
[Board "5"]
[White "Zhu, Jiner"]
[Black "Lei, Tingjie"]
[Result "1/2-1/2"]
[WhiteTitle "WIM"]
[BlackTitle "GM"]
[WhiteElo "2461"]
[BlackElo "2483"]
[WhiteTeam "Zhejiang team"]
[BlackTeam "Chongqing Sports lottery chess team"]
[WhiteFideId "8608059"]
[BlackFideId "8605114"]
[EventDate "2019.04.09"]

1. e4 e5 2. Nf3 Nc6 3. Bb5 Nf6 4. O-O Nxe4 5. Re1 Nd6 6. Nxe5 Be7 7. Bf1 Nxe5 8.
Rxe5 O-O 9. d4 Bf6 10. Re1 Re8 11. c3 Rxe1 12. Qxe1 Ne8 13. Bf4 d5 14. Nd2 c6
15. Qe3 g6 16. Re1 Ng7 17. Nf3 Be6 18. Bg5 Bxg5 19. Nxg5 Qf6 20. Nf3 Re8 21. Ne5
Qd8 22. Qf4 Bf5 23. Re3 f6 24. Nd3 Rxe3 25. Qxe3 Qe8 26. Qxe8+ Nxe8 27. f3 Nd6
28. g4 Bxd3 29. Bxd3 g5 30. Kg2 h6 31. h4 Kf7 32. hxg5 hxg5 33. Kf2 Ke7 34. Ke2
Ne8 35. Ke3 Ng7 36. Bf5 Ne6 37. Bxe6 1/2-1/2

[Event "TCh-CHN 2019"]
[Site "China CHN"]
[Date "2019.05.08"]
[Round "6.5"]
[Board "1"]
[White "Nie, Xinyang"]
[Black "Fedoseev, Vladimir3"]
[Result "1/2-1/2"]
[BlackTitle "GM"]
[WhiteElo "2348"]
[BlackElo "2677"]
[WhiteTeam "Chongqing Jiulongpo Yucai Chess team"]
[BlackTeam "Chengdu Beilei Youth Chess Club"]
[WhiteFideId "8607222"]
[BlackFideId "24130737"]
[EventDate "2019.04.09"]

1. c4 e6 2. Nc3 d5 3. d4 Nf6 4. Bg5 dxc4 5. e3 c5 6. Bxc4 a6 7. Kf1 cxd4 8. Qxd4
Be7 9. Qxd8+ Bxd8 10. Rd1 Nbd7 11. Nf3 b5 12. Be2 Bb7 13. Nd4 Rc8 14. Bxf6 Bxf6
15. Bf3 Bxf3 16. gxf3 Ke7 17. Ke2 Rc4 18. Rd2 Bxd4 19. Rhd1 Bxc3 20. Rxd7+ Kf6
21. bxc3 Rhc8 22. Ra7 Ra4 23. f4 Rxa2+ 24. Kf3 h6 25. Rdd7 Rf8 26. Rdb7 g5 27.
fxg5+ hxg5 28. Kg3 Ra1 29. Kg2 Ra4 30. h3 Ke5 31. Rb6 Kd5 32. Rc7 Ke4 33. Rd6 e5
34. Ra7 f5 35. Rg7 f4 36. Rxg5 Ra2 37. Re6 Kd3 38. Rexe5 Kxc3 39. exf4 Rxf4 40.
Re3+ Kc4 41. Kg3 Rfxf2 42. Rg4+ Kd5 43. Rd3+ Ke5 44. Rgd4 Rg2+ 45. Kf3 Raf2+ 46.
Ke3 Re2+ 47. Kf3 Rgf2+ 48. Kg3 Rf6 49. Rd8 Re6 50. Ra8 Ke4 51. Rd7 Rg6+ 52. Kh4
Kf3 53. Rf7+ Kg2 54. Kh5 Ree6 55. h4 Rh6+ 56. Kg5 Reg6+ 57. Kf5 b4 58. h5 Rg3
59. Ke4 Rb6 60. Raa7 b3 61. Rab7 Rg4+ 62. Ke3 Rgb4 63. Rg7+ Kh2 64. h6 b2 65. h7
Rb3+ 66. Ke2 Re6+ 67. Kf2 Rf6+ 68. Ke2 Re6+ 69. Kf2 Rf6+ 70. Ke2 Re6+ 1/2-1/2

[Event "TCh-CHN 2019"]
[Site "China CHN"]
[Date "2019.05.08"]
[Round "6.5"]
[Board "2"]
[White "Peng, Xiongjian"]
[Black "Xu, Xiangyu"]
[Result "1/2-1/2"]
[BlackTitle "GM"]
[WhiteElo "2489"]
[BlackElo "2582"]
[WhiteTeam "Chongqing Jiulongpo Yucai Chess team"]
[BlackTeam "Chengdu Beilei Youth Chess Club"]
[WhiteFideId "8610550"]
[BlackFideId "8608288"]
[EventDate "2019.04.09"]

1. e4 e5 2. Nf3 Nf6 3. Nxe5 d6 4. Nf3 Nxe4 5. d3 Nf6 6. d4 d5 7. Bd3 Bd6 8. Qe2+
Be6 9. Ng5 Qe7 10. Nxe6 Qxe6 11. Qxe6+ fxe6 12. O-O O-O 13. Nc3 a6 14. Ne2 Nc6
15. Be3 Ng4 16. h3 Nxe3 17. fxe3 Nb4 18. Rxf8+ Rxf8 19. Rd1 c5 20. a3 Nxd3 21.
cxd3 b6 22. Rc1 a5 23. a4 Re8 24. Kf2 Rf8+ 25. Kg1 Re8 26. Kf2 Rf8+ 27. Kg1 1/2-1/2

[Event "TCh-CHN 2019"]
[Site "China CHN"]
[Date "2019.05.08"]
[Round "6.5"]
[Board "3"]
[White "Naiditsch, Arkadij"]
[Black "Li, Di"]
[Result "1-0"]
[WhiteTitle "GM"]
[BlackTitle "GM"]
[WhiteElo "2617"]
[BlackElo "2543"]
[WhiteTeam "Chongqing Jiulongpo Yucai Chess team"]
[BlackTeam "Chengdu Beilei Youth Chess Club"]
[WhiteFideId "4650891"]
[BlackFideId "8607508"]
[EventDate "2019.04.09"]

1. d4 Nf6 2. Bf4 e6 3. e3 c5 4. Nd2 b6 5. Ngf3 Be7 6. h3 O-O 7. c3 cxd4 8. cxd4
Bb7 9. Bd3 Nc6 10. O-O Rc8 11. a3 d5 12. Rc1 Na5 13. b4 Rxc1 14. Qxc1 Nc4 15.
Nxc4 dxc4 16. Bxc4 Qa8 17. Be2 Rc8 18. Qb2 Nd5 19. Bg3 a5 20. Ra1 Nc3 21. Bf1
Bxf3 22. gxf3 axb4 23. axb4 Qxf3 24. Rc1 Bxb4 25. Kh2 Ba5 26. Ba6 Rc6 27. Bb7 h5
28. Rxc3 Bxc3 29. Qb5 h4 30. Bxh4 1-0

[Event "TCh-CHN 2019"]
[Site "China CHN"]
[Date "2019.05.08"]
[Round "6.5"]
[Board "4"]
[White "Ren, Xiaoyi"]
[Black "Batsiashvili, Nino"]
[Result "1/2-1/2"]
[BlackTitle "GM"]
[WhiteElo "2253"]
[BlackElo "2447"]
[WhiteTeam "Chengdu Beilei Youth Chess Club"]
[BlackTeam "Chongqing Jiulongpo Yucai Chess team"]
[WhiteFideId "8608709"]
[BlackFideId "13602993"]
[EventDate "2019.04.09"]

1. d4 d6 2. g3 g6 3. Bg2 Bg7 4. Nf3 f5 5. O-O Nf6 6. c4 O-O 7. Nc3 c6 8. Rb1 Qe8
9. d5 Bd7 10. Qb3 Na6 11. Qxb7 Nc5 12. Qb4 a5 13. Qa3 e5 14. dxe6 Qxe6 15. Bf4
Nh5 16. Bxd6 Qxd6 17. Rbd1 Qe7 18. Na4 Be8 19. Qxc5 Qxc5 20. Nxc5 Bxb2 21. Nd4
Rf6 22. e4 Rd6 23. Nde6 Rxd1 24. Rxd1 fxe4 25. Bxe4 Nf6 26. Nc7 Rc8 27. Nxe8
Nxe4 28. Nxe4 Rxe8 29. f3 Be5 30. Rb1 Rd8 31. Kg2 Rd4 32. Rc1 a4 33. Kf2 a3 34.
Ke2 h5 35. Nd2 Rd8 36. Nb1 Re8 37. Kd2 h4 38. Re1 hxg3 39. hxg3 Rd8+ 40. Kc2
Bxg3 41. Rg1 Bd6 42. Rxg6+ Kf7 43. Rh6 Ke7 44. Rh7+ Ke6 45. Ra7 Rf8 46. Nxa3
Rxf3 47. Nb1 Rf2+ 48. Kd3 Rf3+ 49. Ke2 Rf4 50. Nd2 Bb4 51. Ra4 Bxd2 52. Kxd2 c5
53. Kd3 Ke5 54. Ra5 Rf3+ 55. Ke2 Rc3 56. Rxc5+ Kd4 57. Rb5 Kxc4 58. Rb2 Rh3 59.
Rc2+ 1/2-1/2

[Event "TCh-CHN 2019"]
[Site "China CHN"]
[Date "2019.05.08"]
[Round "6.5"]
[Board "5"]
[White "Koneru, Humpy"]
[Black "Huang, Qian"]
[Result "1/2-1/2"]
[WhiteTitle "GM"]
[BlackTitle "WGM"]
[WhiteElo "2574"]
[BlackElo "2429"]
[WhiteTeam "Chengdu Beilei Youth Chess Club"]
[BlackTeam "Chongqing Jiulongpo Yucai Chess team"]
[WhiteFideId "5008123"]
[BlackFideId "8602689"]
[EventDate "2019.04.09"]

1. d4 d5 2. c4 c6 3. Nc3 Nf6 4. e3 e6 5. Nf3 a6 6. b3 Bb4 7. Bd2 Nbd7 8. Bd3 O-O
9. O-O Bd6 10. Qc2 h6 11. Rad1 e5 12. cxd5 cxd5 13. e4 dxe4 14. Nxe4 Nxe4 15.
Bxe4 exd4 16. Bc1 Nf6 17. Bb2 Qc7 18. Bxd4 Qxc2 19. Bxc2 Be7 20. Nh4 Rd8 21. Nf5
Bxf5 22. Bxf5 g6 23. Bh3 Ne4 24. Bb6 Rxd1 25. Rxd1 Bc5 26. Bxc5 Nxc5 27. b4 Ne4
28. g3 a5 29. bxa5 Rxa5 30. Bg2 Nc3 31. Rd8+ Kg7 32. Bxb7 1/2-1/2